| 000 | 02523nam a2200385 i 4500 | ||
|---|---|---|---|
| 003 | DO-SdBNP | ||
| 005 | 20250621074009.0 | ||
| 006 | a||||gr|||| 00| 0 | ||
| 007 | ta | ||
| 008 | 210715e2019 dr ac||gr|||| 001 0 spa d | ||
| 020 | _a9789945084887 | ||
| 040 |
_aDO-SdBNP _bspa _cBNPHU _erda |
||
| 082 | 4 |
_bM491R 2019 _222 |
|
| 100 | 1 |
_aRamírez Morillo, Belarminio, _d1964- _92520 _eautor |
|
| 245 | 1 | 0 |
_aDanilo Medina Sánchez: _bel gerente y líder en la escena / _cBelarminio Ramírez Morillo; diagramación y diseño de portada, Juan Francisco Domínguez Nova. |
| 250 | _a4ta. edición | ||
| 264 |
_aSanto Domingo : _bFESJE, _c2019 |
||
| 300 |
_a492 páginas : _bilustraciones, fotografías, retratos ; _c23 cm. |
||
| 336 |
_2rdacontent _atexto _btxt |
||
| 337 |
_2rdamedia _asinmediación _bn |
||
| 338 |
_2rdacarrier _avolumen _bnc |
||
| 500 | _aIncluye índice onomástico, páginas 487- 492 | ||
| 500 | _aIncluye biografía del autor en la solapa de la cubierta. | ||
| 504 | _aBibliografía, páginas 477- 486. | ||
| 505 | 0 | 0 |
_tDedicatoria.-- _tAgradecimientos.-- _tIntroducción.-- _tCapítulo I. _tDanilo Medina en la balanza de las teorías de la ciencia del liderazgo.-- _tCapítulo II _tLos valores como anclas de la confianza y la credibilidad.-- _tCapítulo III. _tEl comienzo.-- _tCapítulo IV. _tLos momentos claves en la imágen el estadista.-- _tCapítulo V. _tGerencia y liderazgo: la combinación de la excelencia.-- _tCapítulo VI. _tDanilo como persona íntegra.-- _tCapítulo VII. _tLa comunicación del presidente y el gobierno humilde.-- |
| 505 | 0 | 0 |
_tCapítulo VIII. _tEl líder afectivo, consciente, servidor y conciliador.-- _tCapítulo IX. _tEl líder optimista y visionario.-- _tCapítulo X. _tHaciendo lo que nunca se hizo.-- _tCapítulo XII. _tDanilo como paradigma: cambiando el perfil del candidato y presidente ideal.-- _tCapítulo XIII. _tEl líder proactivo estimulando el desarrollo económico de la nación. _tCapítulo XIV. _tEl líder con la mirada puesta en la sucesión: la contienda electoral del 2016.-- |
| 590 | _aInventariado 2024 / MF | ||
| 600 | 4 |
_aMedina, Danilo _99559 _d1951- _xCrítica e Interpretación |
|
| 650 |
_aDanilo Medina _xVida Política _xLiderazgo _y2012 - 2020 _985652 |
||
| 651 | 0 |
_aRepública Dominicana _xPolítica y gobierno _945 |
|
| 700 | 1 |
_aDomínguez Nova, Juan Francisco, _983553 _ediagramación y diseño de portada |
|
| 710 | 2 |
_92523 _aFundación de Estudios Sociopolíticos, Jurídicos y Económicos (República Dominicana) |
|
| 910 | _aMFeliz | ||
| 942 |
_2ddc _cLBS1 |
||
| 999 |
_c50119 _d50119 |
||